[Event "Helsingor Xtracon op"]
[Site "Helsingor"]
[Date "2019.07.28"]
[Round "10"]
[White "Eiding, Amanda Mai Irgens"]
[Black "Klitgaard, Ebbe"]
[Result "1/2-1/2"]
[WhiteElo "1633"]
[BlackElo "1882"]
[PlyCount "62"]
[EventDate "2019.07.20"]
[EventType "swiss"]
[EventRounds "10"]
[EventCountry "DEN"]
[SourceTitle "CBM 191 Extra"]
[Source "ChessBase"]
[SourceDate "2019.09.30"]
[SourceVersion "1"]
[SourceVersionDate "2019.09.30"]
[SourceQuality "1"]

1. e4 e5 2. Nf3 Nc6 3. d4 exd4 4. Nxd4 Nxd4 5. Qxd4 Qf6 6. Be3 Qxd4 7. Bxd4 d6 8. Bc4 Be6 9. Bb3 Bxb3 10. axb3 a6 11. Nc3 f6 12. Nd5 Kd7 13. Kd2 Ne7 14. Rhe1 Nxd5 15. exd5 Be7 16. Re2 Rhe8 17. Rae1 Bf8 18. Rxe8 Rxe8 19. Rxe8 Kxe8 20. Kd3 Kf7 21. Ke4 g6 22. g4 Bg7 23. c3 c6 24. f3 Bh6 25. c4 Bg7 26. Bc3 c5 27. f4 b5 28. cxb5 axb5 29. b4 c4 30. h3 h6 31. f5 g5 1/2-1/2

[Event "Helsingor Xtracon op"]
[Site "Helsingor"]
[Date "2019.07.20"]
[Round "1"]
[White "Klitgaard, Ebbe"]
[Black "Holm, Kristian Stuvik"]
[Result "0-1"]
[WhiteElo "1882"]
[BlackElo "2469"]
[PlyCount "26"]
[EventDate "2019.07.20"]
[EventType "swiss"]
[EventRounds "10"]
[EventCountry "DEN"]
[SourceTitle "CBM 191 Extra"]
[Source "ChessBase"]
[SourceDate "2019.09.30"]
[SourceVersion "1"]
[SourceVersionDate "2019.09.30"]
[SourceQuality "1"]

1. d4 Nf6 2. c4 c5 3. d5 b5 4. b3 bxc4 5. bxc4 g6 6. Bb2 Bg7 7. Nf3 0-0 8. e3 d6 9. Be2 Nbd7 10. 0-0 Rb8 11. Qc2 Rxb2 12. Qxb2 Nxd5 13. Qc2 Nb4 0-1

[Event "Politiken Cup 37th"]
[Site "Helsingor"]
[Date "2015.07.26"]
[Round "3"]
[White "Klitgaard, Ebbe"]
[Black "Rydstrom, Tom"]
[Result "0-1"]
[WhiteElo "1961"]
[BlackElo "2346"]
[PlyCount "84"]
[EventDate "2015.07.25"]
[EventType "swiss"]
[EventRounds "10"]
[EventCountry "DEN"]
[SourceTitle "CBM 167 Extra"]
[Source "ChessBase"]
[SourceDate "2015.09.14"]
[SourceVersion "1"]
[SourceVersionDate "2015.09.14"]
[SourceQuality "1"]

1. c4 e5 2. Nc3 Nf6 3. g3 d5 4. cxd5 Nxd5 5. Bg2 Nb6 6. Nf3 Nc6 7. 0-0 Be7 8. e3 0-0 9. d4 exd4 10. Nxd4 Nxd4 11. Qxd4 c6 12. Rd1 Be6 13. b3 Qxd4 14. exd4 Rfd8 15. Be3 Rd7 16. Rac1 f5 17. Bf4 Kf7 18. Be5 a5 19. d5 Nxd5 20. Bxd5 Bxd5 21. Na4 Bd8 22. Nc5 Re7 23. Bd6 Re2 24. Nxb7 Rxa2 25. Nxd8+ Rxd8 26. Bc7 Re8 27. Bb6 Rb8 28. Bc5 Rxb3 29. Re1 Rb7 30. Re5 g6 31. Rce1 a4 32. h4 h5 33. Re8 Be4 34. Rf8+ Kg7 35. Ra8 Rb1 36. Rxb1 Bxb1 37. Ra7+ Kf6 38. Bd4+ Ke6 39. f4 Be4 40. Bc5 Kd5 41. Bf2 Ra1+ 42. Kh2 Rh1# 0-1

[Event "Politiken Cup 35th"]
[Site "Helsingor"]
[Date "2013.08.04"]
[Round "10"]
[White "Alquist, Erik"]
[Black "Klitgaard, Ebbe"]
[Result "1-0"]
[WhiteElo "2053"]
[BlackElo "1935"]
[PlyCount "67"]
[EventDate "2013.07.27"]
[EventType "swiss"]
[EventRounds "10"]
[EventCountry "DEN"]
[SourceTitle "CBM 155 Extra"]
[Source "ChessBase"]
[SourceDate "2013.08.26"]
[SourceVersion "1"]
[SourceVersionDate "2013.08.26"]
[SourceQuality "1"]

1. e4 d5 2. exd5 Qxd5 3. Nc3 Qa5 4. d4 c6 5. Nf3 Nf6 6. Bc4 Bf5 7. Bd2 e6 8. Nd5 Qd8 9. Nxf6+ Qxf6 10. Qe2 Nd7 11. 0-0-0 Bd6 12. d5 cxd5 13. Bg5 Qg6 14. Rxd5 Be4 15. Rxd6 Bxf3 16. Qd2 Bc6 17. h4 h6 18. Bf4 Qxg2 19. Rd1 Qe4 20. Bxe6 fxe6 21. Re1 Qc4 22. Rdxe6+ Kf7 23. Qd6 Qxa2 24. Re7+ Kg8 25. Qg6 Qa1+ 26. Kd2 Qxb2 27. Be5 Qb4+ 28. Bc3 Qf4+ 29. R1e3 Qxf2+ 30. Kc1 Qf1+ 31. Re1 Qf4+ 32. Kb1 Rh7 33. Rxg7+ Kf8 34. Rg8# 1-0

[Event "Politiken Cup 35th"]
[Site "Helsingor"]
[Date "2013.08.02"]
[Round "8"]
[White "Petersen, Peter Birk"]
[Black "Klitgaard, Ebbe"]
[Result "1-0"]
[WhiteElo "2155"]
[BlackElo "1935"]
[PlyCount "95"]
[EventDate "2013.07.27"]
[EventType "swiss"]
[EventRounds "10"]
[EventCountry "DEN"]
[SourceTitle "CBM 155 Extra"]
[Source "ChessBase"]
[SourceDate "2013.08.26"]
[SourceVersion "1"]
[SourceVersionDate "2013.08.26"]
[SourceQuality "1"]

1. e4 d5 2. exd5 Qxd5 3. Nc3 Qa5 4. d4 c6 5. Nf3 Nf6 6. Bc4 Bf5 7. Bd2 e6 8. Qe2 Be7 9. 0-0-0 Nbd7 10. Ne5 Qc7 11. f3 Nxe5 12. dxe5 Nd5 13. g4 Bg6 14. f4 0-0-0 15. Rhf1 h6 16. f5 Bh7 17. Bxd5 cxd5 18. Nb5 Qb6 19. Be3 Bc5 20. Bxc5 Qxc5 21. Rd3 Kb8 22. Rc3 Qe7 23. Nd6 exf5 24. Qb5 Rxd6 25. exd6 Qxd6 26. gxf5 Rd8 27. Rb3 Qc7 28. Rg3 g6 29. Rd3 a6 30. Qb4 gxf5 31. Qf4 Qxf4+ 32. Rxf4 Kc7 33. c4 Kc6 34. Kd2 h5 35. cxd5+ Rxd5 36. Rc4+ Rc5 37. Rxc5+ Kxc5 38. Rd7 Bg6 39. Rxb7 Kc6 40. Rb4 Kc5 41. Kc3 f6 42. Rc4+ Kd5 43. Ra4 Ke5 44. Rxa6 f4 45. Kd2 Bf7 46. Ke1 Bd5 47. Ra5 f3 48. Kf2 1-0

[Event "Politiken Cup 35th"]
[Site "Helsingor"]
[Date "2013.07.31"]
[Round "6"]
[White "Bratteteig, Tore Inge"]
[Black "Klitgaard, Ebbe"]
[Result "1/2-1/2"]
[WhiteElo "1692"]
[BlackElo "1935"]
[PlyCount "34"]
[EventDate "2013.07.27"]
[EventType "swiss"]
[EventRounds "10"]
[EventCountry "DEN"]
[SourceTitle "CBM 155 Extra"]
[Source "ChessBase"]
[SourceDate "2013.08.26"]
[SourceVersion "1"]
[SourceVersionDate "2013.08.26"]
[SourceQuality "1"]

1. d4 d5 2. c4 e6 3. Nf3 Nf6 4. Nc3 Be7 5. Bg5 h6 6. Bh4 0-0 7. cxd5 Nxd5 8. Bxe7 Qxe7 9. e3 Nd7 10. Bd3 c5 11. 0-0 cxd4 12. exd4 N7f6 13. Rc1 Bd7 14. Re1 Rac8 15. Qd2 Rfd8 16. Nxd5 Nxd5 17. Rxc8 Rxc8 1/2-1/2

[Event "Politiken Cup 35th"]
[Site "Helsingor"]
[Date "2013.07.30"]
[Round "5"]
[White "Klitgaard, Ebbe"]
[Black "Ivarsson, Tryggve"]
[Result "0-1"]
[WhiteElo "1935"]
[BlackElo "2121"]
[PlyCount "30"]
[EventDate "2013.07.27"]
[EventType "swiss"]
[EventRounds "10"]
[EventCountry "DEN"]
[SourceTitle "CBM 155 Extra"]
[Source "ChessBase"]
[SourceDate "2013.08.26"]
[SourceVersion "1"]
[SourceVersionDate "2013.08.26"]
[SourceQuality "1"]

1. c4 e5 2. Nc3 Bb4 3. g3 Nf6 4. Bg2 0-0 5. e3 Bxc3 6. bxc3 e4 7. f3 Re8 8. Qc2 d5 9. cxd5 Bf5 10. fxe4 Nxe4 11. d3 Nc5 12. e4 Qxd5 13. Kf1 Nxd3 14. Bd2 Bxe4 15. Bxe4 Qxe4 0-1

[Event "Politiken Cup 35th"]
[Site "Helsingor"]
[Date "2013.07.29"]
[Round "4"]
[White "Kyrkjebo, Eirik"]
[Black "Klitgaard, Ebbe"]
[Result "0-1"]
[WhiteElo "1711"]
[BlackElo "1935"]
[PlyCount "78"]
[EventDate "2013.07.27"]
[EventType "swiss"]
[EventRounds "10"]
[EventCountry "DEN"]
[SourceTitle "CBM 155 Extra"]
[Source "ChessBase"]
[SourceDate "2013.08.26"]
[SourceVersion "1"]
[SourceVersionDate "2013.08.26"]
[SourceQuality "1"]

1. e4 d5 2. exd5 Qxd5 3. d4 Nf6 4. c4 Qd8 5. Nf3 Bf5 6. Qb3 b6 7. c5 Nc6 8. Bb5 Bd7 9. Qa4 Nb8 10. c6 Bf5 11. 0-0 e6 12. Bg5 Be7 13. Nc3 0-0 14. Rad1 Nd5 15. Nxd5 exd5 16. Bxe7 Qxe7 17. Rfe1 Qd6 18. Re5 Be6 19. Rde1 h6 20. Nh4 a6 21. Nf5 Bxf5 22. Rxf5 Rd8 23. Rfe5 Nd7 24. cxd7 axb5 25. Re8+ Kh7 26. Qxb5 c6 27. Qd3+ g6 28. Qf3 Kg7 29. R1e7 Qf6 30. Qe3 Qf5 31. h3 Qb1+ 32. Kh2 Qf5 33. Qc3 Qxf2 34. Qxc6 Qf4+ 35. Kg1 Qxd4+ 36. Re3 Rxa2 37. Kh2 Rxb2 38. Qc7 Rxd7 39. Qxd7 Qf4+ 0-1